Bài giảng giải tích
Sách đề cập các vấn đề về giải tích có nội dung cơ bản, hiện đại, tốc độ.Nội dung cuốn sách trình bày: Số thực, không gian metric, giới hạn và liên tục, vi phân hàm một biến, tích phân riemann-stieltjes, chuỗi số và tích phân suy rộng,......
Đã lưu trong:
| 主要作者: | |
|---|---|
| 格式: | 圖書 |
| 語言: | Undetermined |
| 出版: |
Hà Nội
Đại học Quốc gia Hà Nội
2007
|
| 主題: | |
| 標簽: |
添加標簽
沒有標簽, 成為第一個標記此記錄!
|
| Thư viện lưu trữ: | Trung tâm Học liệu Trường Đại học Cần Thơ |
|---|
| LEADER | 01129nam a2200205Ia 4500 | ||
|---|---|---|---|
| 001 | CTU_159399 | ||
| 008 | 210402s9999 xx 000 0 und d | ||
| 020 | |c 38500 | ||
| 082 | |a 515 | ||
| 082 | |b T305/T.1 | ||
| 100 | |a Nguyễn, Duy Tiến | ||
| 245 | 0 | |a Bài giảng giải tích | |
| 245 | 0 | |c Nguyễn Duy Tiến | |
| 260 | |a Hà Nội | ||
| 260 | |b Đại học Quốc gia Hà Nội | ||
| 260 | |c 2007 | ||
| 520 | |a Sách đề cập các vấn đề về giải tích có nội dung cơ bản, hiện đại, tốc độ.Nội dung cuốn sách trình bày: Số thực, không gian metric, giới hạn và liên tục, vi phân hàm một biến, tích phân riemann-stieltjes, chuỗi số và tích phân suy rộng,... Sách dùng làm bài giảng cho những sinh viên toán-lý khá giỏi và dùng làm tài liệu tham khảo cho sinh viên toán-lý nói chung. | ||
| 650 | |a Mathematical analysis,Giải tích toán học | ||
| 904 | |i Thảo, Hải | ||
| 980 | |a Trung tâm Học liệu Trường Đại học Cần Thơ | ||